Operators of class Co with spectra in multiply connected regions
Αποθηκεύτηκε σε:
| Κύριος συγγραφέας: | |
|---|---|
| Μορφή: | Βιβλίο |
| Γλώσσα: | English |
| Δημοσίευση: |
Providence, R.I. :
American Mathematical Society,
1997
|
| Σειρά: | Memoirs of the American Mathematical Society ;
; 607 |
| Θέματα: | |
| Ετικέτες: |
Προσθήκη ετικέτας
Δεν υπάρχουν, Καταχωρήστε ετικέτα πρώτοι!
|
MARC
| LEADER | 00000nam a2200000 i 4500 | ||
|---|---|---|---|
| 001 | 1/90268 | ||
| 008 | 990922s1997 eng d | ||
| 020 | |a 0-8218-0626-2 | ||
| 035 | |l 10053035 | ||
| 040 | |a GR-MY-UA |b gre |e aacr | ||
| 041 | 0 | |a eng | |
| 082 | 0 | |a 515.7246 | |
| 100 | 1 | |a Zucchi, Adele |d 1966- | |
| 245 | 1 | 0 | |a Operators of class Co with spectra in multiply connected regions / |c Adele Zucchi |
| 260 | |a Providence, R.I. : |b American Mathematical Society, |c 1997 | ||
| 300 | |a viii, 52 p.; |b ill.; |c 26 cm. | ||
| 490 | 1 | |a Memoirs of the American Mathematical Society |v ; 607 | |
| 500 | |a "May 1997, volume 127, number 607 (third of 4 numbers)." | ||
| 500 | |a Includes bibliographical references | ||
| 650 | 0 | 0 | |a Nonselfadjoint operators. |
| 650 | 0 | 0 | |a Functional analysis. |
| 650 | 0 | 0 | |a Hardy classes. |
| 830 | 0 | |a Memoirs of the American Mathematical Society ; |v ; 607 | |
| 852 | |a INST |b SAMOS |e 19990922 |h 515.7246 ZUC |p 005300012223 |q 005300012223 |t BK |y 0 | ||
| 901 | |a BIBL3-1999-3 | ||
| 909 | |a Σ |b 063459 | ||
| 922 | |a 3ΕΛΗ |b 199907 |c ΕΠΕΑΕΚ/ΜΑΘ |d ΠΑΠΑΣΩΤΗΡΙΟΥ | ||
| 970 | |a ΠΟΥΡΝΑΡΑΣ |b ΔΗΜΗΤΡΗΣ |z 1999/09/22 | ||